|
|
|
|
| LEADER |
01193nam a2200349 4500 |
| 001 |
000007222 |
| 003 |
3383 |
| 005 |
20111025141058.0 |
| 008 |
110927s2006 viesd |
| 020 |
|
|
|c 59000đ
|
| 041 |
0 |
|
|a vie
|
| 082 |
|
|
|a 650.1
|b Tha
|
| 245 |
|
0 |
|a Thành công trong dùng người
|b Những bí quyết kinh điển
|c Đại Dương b.soạn
|
| 260 |
|
|
|a H.
|b Thế giới
|c 2006
|
| 300 |
|
|
|a 495 tr
|c 21 cm
|
| 653 |
|
|
|a Thành công trong dùng người
|
| 653 |
|
|
|a những bí quyết kinh điển
|
| 653 |
|
|
|a chọn người thích với bạn
|
| 653 |
|
|
|a Quản lý thành công
|
| 653 |
|
|
|a mưu lược thành công
|
| 700 |
|
|
|a Đại Dương
|e b.s.
|
| 910 |
|
|
|a Nguyễn Thị Kim Oanh
|d 27/09/2011
|
| OWN |
|
|
|a LSP
|
| AVA |
|
|
|a UDN50
|b LSP
|d 650.1 Tha
|e available
|t Error 5001 Not defined in file expand_doc_bib_avail.
|f 3
|g 0
|h N
|i 0
|k 1
|
| 999 |
|
|
|a From the UDN01
|
| AVA |
|
|
|a UDN50
|b LSP
|d 650.1 Tha
|e available
|t Error 5001 Not defined in file expand_doc_bib_avail.
|f 3
|g 0
|h N
|i 0
|k 1
|
| TYP |
|
|
|a Monograph
|
| TYP |
|
|
|a Printed language
|
| 980 |
|
|
|a Mạng thư viện Đại học Đà Nẵng
|